| 000 | 00892nac a22002291u 4500 | ||
|---|---|---|---|
| 010 | _a2002102792 | ||
| 020 | _a0672324210 (pbk.) : | ||
| 082 | 0 | 4 |
_a005.2768 _bB491 |
| 090 |
_c593 _d593 |
||
| 100 | _aBeres, Jason. | ||
| 245 | 1 | 0 |
_aSams teach yourself Visual Studio .NET 2003 in 21 days / _cJason Beres. |
| 246 | 3 | 0 | _aTeach yourself Visual Studio .NET 2003 in 21 days |
| 246 | 3 | 0 | _aVisual Studio .NET 2003 in 21 days |
| 260 |
_aIndianapolis, Ind. : _bSams, _c2003. |
||
| 300 |
_axiii, 666 p. : _bill. ; _c24 cm. |
||
| 500 | _aIncludes index. | ||
| 650 | 0 | _aMicrosoft .NET Framework. | |
| 650 | 0 |
_aWeb site development _xComputer programs. |
|
| 650 | 0 |
_aApplication software _xDevelopment _xComputer programs. |
|
| 942 |
_cBB _k005.2768B491 |
||
| 999 |
_c593 _d593 |
||